LEADER 00788naa a2200169 i 4500 001 000000294916 003 CaOOAMICUS 005 20210420090732.0 008 180831n xx u000 u und u 013 $a2193 040 $aSeMil$bita 100 1 $aColzani, Gianni,$d<1940- >.$0(OLS)http://semarc/name/3154 245 10$a"Popolorum progressio" :$bun'intuizione etica al servizio della speranza. 650 4$aPaolo VI - Encicliche . Populorum progressio.$0(OLS)http://semarc/subject/6399 773 0 $aAdornato, Giselda <1959- >$tPaolo 6..$dVigodarzere (PD) : Centro Editoriale Cattolico Carroccio, copyr. 1992.$z88-7974-042-3$w()45707 996 $6245$a"Popolorum progressio" :$bun'intuizione etica al servizio della speranza$9(OLS)http://semarc/title/370981 LEADER 01063nam a2200253 i 4500 001 000000006855 003 CaOOAMICUS 005 20180830125438.0 008 180830s1845 be u000 u und u 040 $aSeMil$bita 100 1 $aThiers, Adolphe,$d<1797-1877>.$0(OLS)http://semarc/name/3561 245 10$aHistoire du consulat et de l'empire faisant suite a l'histoire de la révolution française /$cpar Ad. Thiers. 650 4$aFrancia - Storia - Sec. 18.$0(OLS)http://semarc/subject/1089 650 4$aFrancia - Storia - Sec. 19.$0(OLS)http://semarc/subject/1090 774 0 $tTome deuxième.$w()104860 774 0 $tTome premier.$w()104861 774 0 $tTome troisième.$w()104862 774 0 $tTome quatrième.$w()104863 774 0 $tTome cinquième.$w()104864 774 0 $tTome sixième.$w()104865 774 0 $tTome neuvième.$w()104866 774 0 $tTome septième.$w()104867 774 0 $tTome huitième.$w()104868 996 $6245$aHistoire du consulat et de l'empire faisant suite a l'histoire de la révolution française$9(OLS)http://semarc/title/9154